Las 10 peliculás mas taquilleras de la historia - Estadísticas

Estadísticas generales
  • Esta prueba ha sido intentada 290 veces
  • La puntuación promedio es 4 de 10
Estadísticas de respuestas
Total de la recaudación mundial Película % Correcto
$2,923,706,026 Avatar
83%
$2,264,743,305 Titanic
78%
$2,799,439,100 Avengers: Endgame
53%
$2,052,415,039 Avengers:Infinity War
39%
$1,921,847,111 Spiderman: Sin Camino a casa
33%
$1,520,538,536 The Avengers: Los Vengadores
28%
$1,663,075,401 El Rey León
16%
$1,671,537,444 Jurassic World : Mundo Jurásico
13%
$2,320,550,281 Avatar:El camino del agua
8%
$2,071,310,218 Star Wars: Episodio VII - El despertar de la Fuerza
6%
No se encontraron pruebas coincidentes
Distribución de puntuación
Porcentaje de gente con cada puntuación
Porcentaje por número respondido
Historial de tus puntuaciones
No has intentado esta prueba.